| 000 | 01726nam a2200373 a 4500 | ||
|---|---|---|---|
| 001 | ebr10427236 | ||
| 003 | CaPaEBR | ||
| 006 | m u | ||
| 007 | cr cn||||||||| | ||
| 008 | 080114s2008 enk sb 001 0 eng | ||
| 010 | _z 2008001543 | ||
| 015 |
_aGBA871426 _2bnb |
||
| 016 | 7 |
_z014627494 _2Uk |
|
| 020 | _z9781847062840 (hbk.) | ||
| 020 | _z1847062849 (hbk.) | ||
| 040 |
_aCaPaEBR _cCaPaEBR |
||
| 035 | _a(OCoLC)676697163 | ||
| 050 | 1 | 4 |
_aB2430.D454 _bH84 2008eb |
| 082 | 0 | 4 |
_a194 _222 |
| 100 | 1 | _aHughes, Joe. | |
| 245 | 1 | 0 |
_aDeleuze and the genesis of representation _h[electronic resource] / _cJoe Hughes. |
| 260 |
_aLondon ; _aNew York : _bContinuum, _cc2008. |
||
| 300 | _a192 p. | ||
| 490 | 1 | _aContinuum studies in Continental philosophy | |
| 504 | _aIncludes bibliographical references (p. [159]-189) and index. | ||
| 505 | 0 | _aPart I : Husserl and Deleuze -- Husserl, reduction and constitution -- The logic of sense -- Part II : Anti-Oedipus -- The material reduction and schizogenesis -- Desiring-production -- Social production -- Part III : difference and repetition -- Static genesis : ideas and intensity -- Dynamic genesis : the production of time -- Conclusion. | |
| 533 |
_aElectronic reproduction. _bPalo Alto, Calif. : _cebrary, _d2013. _nAvailable via World Wide Web. _nAccess may be limited to ebrary affiliated libraries. |
||
| 600 | 1 | 0 |
_aDeleuze, Gilles, _d1925-1995. |
| 650 | 0 | _aRepresentation (Philosophy) | |
| 655 | 7 |
_aElectronic books. _2local |
|
| 710 | 2 | _aebrary, Inc. | |
| 830 | 0 | _aContinuum studies in Continental philosophy. | |
| 856 | 4 | 0 |
_uhttp://site.ebrary.com/lib/rucke/Doc?id=10427236 _zAn electronic book accessible through the World Wide Web; click to view |
| 999 |
_c144735 _d144735 |
||